TOP 50 Races de CHIENS préférées des français - Statistiques

Statistiques générales
  • Ce quiz a été pris 348 fois
  • Le résultat moyen est 17 sur 50
Statistiques - réponses
Rang Race de chien % Correct
5 Berger Allemand
94%
7 Labrador
85%
1 Berger Australien
81%
14 Chihuahua
74%
44 Caniche
70%
4 Golden retriever
69%
17 Husky
68%
19 Teckel
59%
24 Border Collie
55%
18 Yorkshire
51%
2 Berger Belge
50%
47 Dalmatien
50%
38 Saint-Bernard
50%
12 Beagle
48%
9 Bouledogue Français
48%
11 Cocker
47%
23 Rottweiler
41%
20 Spitz
40%
46 Dobermann
38%
16 Epagneul Breton
37%
29 Boxer
36%
35 Carlin
36%
8 Cavalier KIng Charles
35%
21 Bouvier Bernois
33%
33 Shiba inu
33%
28 Bouledogue Anglais
32%
22 Jack Russell
32%
39 Bichon Maltais
31%
36 Dogue Allemand
30%
32 Terre Neuve
25%
34 Akita inu
22%
10 Samoyède
22%
3 Bull Terrier
20%
15 Cane Corso
20%
6 American Staff
19%
25 Berger Blanc Suisse
16%
37 Dogue Argentin
16%
13 Setter Anglais
14%
45 Mastiff
13%
49 Berger des Pyrénées
12%
41 Braque de Weimar
12%
43 Dogue de Bordeaux
11%
50 Pinscher
9%
42 Shar pei
7%
27 Berger de Beauce
5%
31 Coton de Tuléar
4%
40 Malamute d'Alaska
4%
48 Dogue du Tibet
3%
30 Shin Tzu
1%
26 Chien de berger Shetland
0%
Aucun quiz correspondant
Distribution des résultats
% des personnes avec chaque résultat
Percentile par nombre de réponses
Votre historique - résultats
Vous n’avez pas pris ce quiz